000 00818cam a2200193 i 4500
005 20260203101425.0
008 250721s2009 jo gr 000 0 ara d
082 1 4 _a371.399
_bج ر ا
100 1 _aالجراح، هاني يوسف
_eمؤلف.
245 1 0 _aفعاليات المسرح المدرسي و تنقياته :
_bتدريب الممارسين للنشاط المسرحي على مهارات الإضاءة المسرحية /
_cالدكتور هاني يوسف الجراح.
250 _aالطبعة الأولى.
264 3 1 _aعمان :
_bدار يافا العلمية للنشر و التوزيع،
_c2009.
300 _a363 صفحة.
650 1 7 _aاساليب التدريس.
650 1 7 _aالدراما.
650 1 7 _aالمسرح.
942 _2ddc
_cBK
999 _c117002
_d117002